000
00326nam a2200133Ia 4500
005
20260328104302.0
008
260328s9999||||xx |||||||||||||| ||und||
100
_a
Toynbee, Arnold J.
245
2
_a
A Study of History /
_c
Arnold J. Toynbee
260
_b
Weathervane
300
_a
564 p.
650
_a
HISTORIA
942
_c
BK
999
_c
10628
_d
10628